| 000 | 00504nam a2200157Ia 4500 | ||
|---|---|---|---|
| 005 | 20250219000451.0 | ||
| 008 | 240331s9999 xx 000 0 und d | ||
| 020 | _a955962010X | ||
| 082 | _bJOU | ||
| 100 | _aParanavitana, K.D. tr. | ||
| 245 | 0 |
_aJournal of spilbergan : _bthe first dutch envoy to Ceylon 1602 |
|
| 260 |
_aDehiwala _bSri Devi Printers _c1997 |
||
| 300 | _a70 p ., | ||
| 500 | _aThis translation of extracts relating to Ceylon from the travel Journal of Joris van spilbergen | ||
| 942 | _cL | ||
| 999 |
_c3526 _d3526 |
||